00462nam a2200157Ia 45000010006000000050017000060080041000230410008000640820016000721000043000882450141001312600009002723000007002816500008002886540008002961338320260306164757.0260306t2006||||xx |||||||||||||| ||spa|| aESP a003.3bJ462 aSociedad Peruana de ComputacióneAUT 0aJornadas peruanas de computación:bCongreso Internacional de Iniciación Científica en Computación. Del 26 al 30 de junio de 2006 c2006 ac aGEN aCCC